000 00403nam a22001697a 4500
003 MPLRDC
005 20220104123926.0
008 210129b ||||| |||| 00| 0 eng d
082 _a416.7 LM
100 _a陆明 编译
245 _a关心孩子的眼晴
_c
260 _a
_b大展出版社
_c1983
300 _b
490 _a教养特辑. 7
650 _a眼科知识
942 _cBK
_o416.7 LM
999 _c15283
_d15273